[Event "Open Tournament For Intermediates #2"]
[Site "SchemingMind.com"]
[Date "2007.06.18"]
[Round "-"]
[White "Archon"]
[Black "loco61"]
[Result "1-0"]
[WhiteCountry "CAN"]
[BlackCountry "ENG"]
[WhiteElo "1711"]
[WhiteRD "52"]
[BlackElo "1513"]
[BlackRD "62"]
[GameID "109764"]

1. d4 d5 2. Nf3 Nc6 3. Bf4 Bf5 4. e3 a6 5. c4 Be4 6. Be2 e6 7. Nc3 Nf6 8. O-O h6 9. h3 Bb4 10. Rc1 g5
11. Be5 Nxe5 12. Nxe5 Bd6 13. Nd3 dxc4 14. Nxe4 Nxe4 15. Ne1 b5 16. Bf3 f5 17. Bh5+ Kd7 18. Bf3 Qf6 19. b3 cxb3 20. axb3 Ra7
21. Qc2 Qg6 22. Nd3 Rc8 23. Bxe4 fxe4 24. Ne5+ Bxe5 25. dxe5 Qf5 26. Rfd1+ Ke8 27. Qc6+ Kf8 28. Qc5+
1-0

[Event "Open Tournament For Intermediates #2"]
[Site "SchemingMind.com"]
[Date "2007.06.19"]
[Round "-"]
[White "loco61"]
[Black "Archon"]
[Result "0-1"]
[WhiteCountry "ENG"]
[BlackCountry "CAN"]
[WhiteElo "1513"]
[WhiteRD "62"]
[BlackElo "1711"]
[BlackRD "52"]
[GameID "109765"]

1. e4 d6 2. d4 Nf6 3. Nc3 g6 4. Bg5 Bg7 5. Nf3 Bg4 6. Be2 O-O 7. h3 Bxf3 8. Bxf3 Nbd7 9. Qd3 e5 10. d5 Qc8
11. O-O-O Nc5 12. Qe3 a5 13. a4 b6 14. b3 Rb8 15. Nb5 Na6 16. c3 Nc5 17. c4 Qd7 18. Kc2 Na6 19. Qe2 Nb4+ 20. Kb2 Rbd8
21. Bd2 c5 22. Bxb4 axb4 23. Bg4 Nxg4 24. hxg4 f6 25. Rh3 Rf7 26. Rf1 Bh8 27. g3 Rdf8 28. f4 exf4 29. gxf4 f5+ 30. e5 dxe5
31. fxe5 fxg4 32. Rxf7 Qxf7 33. Re3 Qf2 34. Kc2 g3 35. Kd3 g2 36. Qxf2 Rxf2 37. Rg3 Bxe5 38. Rg4 Bh2 39. Ke3 g1=Q 40. Rxg1 Bxg1
0-1

[Event "Open Tournament For Intermediates #2"]
[Site "SchemingMind.com"]
[Date "2007.06.19"]
[Round "-"]
[White "fouche"]
[Black "loco61"]
[Result "1/2-1/2"]
[WhiteCountry "COL"]
[BlackCountry "ENG"]
[WhiteElo "1569"]
[WhiteRD "66"]
[BlackElo "1513"]
[BlackRD "62"]
[GameID "110051"]

1. d4 Nf6 2. c4 d5 3. Nc3 dxc4 4. Nf3 a6 5. a4 c6 6. e3 b5 7. axb5 Nd5 8. bxc6 Nxc3 9. bxc3 Qd5 10. Qa4 Qxc6
11. Bxc4 Qxa4 12. Rxa4 e6 13. O-O Bd6 14. Ba3 Kd7 15. Rb1 Kc7 16. Bxd6+ Kxd6 17. Rb6+ Ke7 18. Ne5 f6 19. Nc6+ Nxc6 20. Rxc6 Bd7
21. Rc7 Kd6 22. Rxd7+ Kxd7 23. Kf1 a5 24. Ke2 Rhb8 25. e4 Rb2+ 26. Ke3 Kd6 27. h3 g5 28. g3 h5 29. Be2 Rb3 30. Kd2 Rb1
31. Bxh5 Rh1 32. Bg4 Rh2 33. Ke3 Rh1 34. Ke2 Rb1 35. h4 gxh4 36. gxh4 Rb3 37. Kd3 Rb2 38. Ke3=
1/2-1/2

[Event "Open Tournament For Intermediates #2"]
[Site "SchemingMind.com"]
[Date "2007.06.20"]
[Round "-"]
[White "fouche"]
[Black "Archon"]
[Result "1-0"]
[WhiteCountry "COL"]
[BlackCountry "CAN"]
[WhiteElo "1617"]
[WhiteRD "70"]
[BlackElo "1706"]
[BlackRD "57"]
[GameID "110052"]

1. d4 d5 2. c4 dxc4 3. Nf3 Nf6 4. Nc3 c5 5. e3 e6 6. Bxc4 Nc6 7. O-O a6 8. a3 b5 9. Ba2 Bb7 10. d5 exd5
11. Nxd5 Nxd5 12. Qxd5 Qxd5 13. Bxd5 Ra7 14. e4 Bd6 15. Be3 Ne5 16. Nxe5 Bxd5 17. exd5 Rc7 18. Nc6
1-0

[Event "Open Tournament For Intermediates #2"]
[Site "SchemingMind.com"]
[Date "2007.06.20"]
[Round "-"]
[White "loco61"]
[Black "fouche"]
[Result "0-1"]
[WhiteCountry "ENG"]
[BlackCountry "COL"]
[WhiteElo "1513"]
[WhiteRD "62"]
[BlackElo "1569"]
[BlackRD "66"]
[GameID "110053"]

1. e4 e6 2. d4 d5 3. e5 c5 4. c3 Nc6 5. Nf3 Bd7 6. Be3 cxd4 7. cxd4 Bb4+ 8. Nc3 Nge7 9. a3 Bxc3+ 10. bxc3 Qa5
11. Bd2 O-O-O 12. c4 Qc7 13. c5 f5 14. Bd3 h6 15. Rb1 g5 16. Qb3 g4 17. Ng1 h5 18. Ne2 Ng6 19. Nc3 Nxd4 20. Qb4 Nc6
21. Qb2 Ngxe5 22. Be2 Nd4 23. Nb5 Nxb5 24. Bxb5 Bxb5 25. Qxb5 Qc6 26. Bc3 d4 27. Qxc6+ Nxc6 28. Bb4 a5 29. Bd2 e5 30. O-O e4
31. Rfd1 Rhe8 32. Rb2 e3 33. Be1 f4 34. Kf1 Re5 35. Rc2 d3 36. Ra2 e2+
0-1

[Event "Open Tournament For Intermediates #2"]
[Site "SchemingMind.com"]
[Date "2007.06.20"]
[Round "-"]
[White "Archon"]
[Black "fouche"]
[Result "1-0"]
[WhiteCountry "CAN"]
[BlackCountry "COL"]
[WhiteElo "1711"]
[WhiteRD "52"]
[BlackElo "1569"]
[BlackRD "66"]
[GameID "110054"]

1. d4 Nf6 2. Nf3 e6 3. Bf4 d5 4. e3 Bd6 5. Ne5 Nbd7 6. Nd2 O-O 7. Bd3 Qe7 8. O-O c5 9. c3 c4 10. Bc2 b5
11. b4 a5 12. a3 axb4 13. axb4 Bb7 14. Qf3 Nb6 15. Qh3 g6 16. Ndf3 Ne4 17. Bxe4 dxe4 18. Ng5 h5 19. g4 Bxe5 20. dxe5 f6
21. exf6 Rxf6 22. gxh5 gxh5 23. Qxh5 Nd5 24. Be5 Raf8 25. Bxf6 Nxf6 26. Qg6+ Kh8 27. Kh1 Qg7 28. Qxg7+
1-0

[Event "Open Tournament For Intermediates #2"]
[Site "SchemingMind.com"]
[Date "2007.06.21"]
[Round "-"]
[White "nic_car"]
[Black "loco61"]
[Result "1-0"]
[WhiteCountry "ITA"]
[BlackCountry "ENG"]
[WhiteElo "2027"]
[WhiteRD "113"]
[BlackElo "1513"]
[BlackRD "62"]
[GameID "110058"]

1. d4 d5 2. c4 dxc4 3. Nf3 b5 4. a4 b4 5. e3 Ba6 6. Qc2 b3 7. Qe4 c6 8. Ne5 Qd5 9. Nc3 Qxe4 10. Nxe4 e6
11. Nxc4 Nd7 12. Ncd6+ Bxd6 13. Nxd6+ Ke7 14. Bxa6 Kxd6 15. Bd2 Ne7 16. Bb4+ c5 17. dxc5+ Kc7 18. Ba5+ Kb8 19. Ra3 Nxc5 20. Bc4 Nc6
21. Bc3 Kc7 22. Bxb3 Nd3+ 23. Ke2 Ncb4 24. Rd1 Rad8 25. Bc4 Nxb2 26. Bxb2 Rxd1 27. Kxd1 Rd8+ 28. Ke2 g6 29. Be5+ Kc8 30. Rc3 Kd7
31. Bb5+ Ke7 32. Rc7+ Kf8 33. Bf6 Ra8 34. Be7+
1-0

[Event "Open Tournament For Intermediates #2"]
[Site "SchemingMind.com"]
[Date "2007.06.20"]
[Round "-"]
[White "nic_car"]
[Black "fouche"]
[Result "1-0"]
[WhiteCountry "ITA"]
[BlackCountry "COL"]
[WhiteElo "1928"]
[WhiteRD "140"]
[BlackElo "1617"]
[BlackRD "70"]
[GameID "110059"]

1. d4 Nf6 2. c4 e6 3. Nc3 d5 4. cxd5 exd5 5. Bg5 Be7 6. e3 O-O 7. Bd3 c6 8. Qc2 h6 9. Bh4 Be6 10. Nge2 Nbd7
11. Nf4 Rc8 12. O-O g5 13. Nxe6 fxe6 14. Bg3 Kg7 15. f4 Qe8 16. f5 exf5 17. Bxf5 Rh8 18. Be5 b6 19. Rf3 c5 20. Raf1 cxd4
21. Bxd7 Qxd7 22. Rxf6 Bxf6 23. Rxf6 Kg8 24. Qg6+ Qg7 25. Rf8+
1-0

[Event "Open Tournament For Intermediates #2"]
[Site "SchemingMind.com"]
[Date "2007.06.20"]
[Round "-"]
[White "nic_car"]
[Black "Archon"]
[Result "1-0"]
[WhiteCountry "ITA"]
[BlackCountry "CAN"]
[WhiteElo "1928"]
[WhiteRD "140"]
[BlackElo "1706"]
[BlackRD "57"]
[GameID "110060"]

1. d4 d5 2. c4 dxc4 3. Nf3 Nf6 4. e3 Bg4 5. Bxc4 e6 6. h3 Bh5 7. Nc3 Nbd7 8. O-O Bd6 9. e4 e5 10. Be2 O-O
11. dxe5 Nxe5 12. Nd4 Bc5 13. Nb3 Qxd1 14. Bxd1 Bb6 15. Bg5 Bxd1 16. Rfxd1 Ned7 17. Bxf6 Nxf6 18. e5 Ne8 19. Nd5 g6 20. a4 c6
21. Nxb6 axb6 22. Rd7 Rb8 23. a5 bxa5 24. Rxa5 Ng7 25. Ra7 Ne6 26. Raxb7 Rxb7 27. Rxb7 Rc8 28. Kf1 c5 29. Nd2 c4 30. Ne4 h6
31. Nd6 Rd8 32. Nxf7
1-0

[Event "Open Tournament For Intermediates #2"]
[Site "SchemingMind.com"]
[Date "2007.06.19"]
[Round "-"]
[White "loco61"]
[Black "nic_car"]
[Result "0-1"]
[WhiteCountry "ENG"]
[BlackCountry "ITA"]
[WhiteElo "1513"]
[WhiteRD "62"]
[BlackElo "2027"]
[BlackRD "113"]
[GameID "110061"]

1. e4 c5 2. Nf3 d6 3. Bc4 Nf6 4. Nc3 e6 5. d4 cxd4 6. Nxd4 a6 7. Bg5 b5 8. Ndxb5 axb5 9. Bxb5+ Bd7 10. Qd3 Be7
11. O-O O-O 12. a4 Nc6 13. b3 Qc7 14. Rfe1 Rfc8 15. Rac1 Ne5 16. Qd2 Qxc3 17. Qxc3 Rxc3 18. Bxd7 Nexd7 19. Bd2 Rc6 20. a5 d5
21. exd5 Nxd5 22. Ra1 Nb4 23. Bxb4 Bxb4
0-1

[Event "Open Tournament For Intermediates #2"]
[Site "SchemingMind.com"]
[Date "2007.06.19"]
[Round "-"]
[White "fouche"]
[Black "nic_car"]
[Result "0-1"]
[WhiteCountry "COL"]
[BlackCountry "ITA"]
[WhiteElo "1557"]
[WhiteRD "69"]
[BlackElo "2032"]
[BlackRD "103"]
[GameID "110062"]

1. d4 Nf6 2. c4 e6 3. Nc3 Bb4 4. Nf3 c5 5. d5 d6 6. Bd2 O-O 7. a3 Bxc3 8. Bxc3 Ne4 9. Qc2 exd5 10. cxd5 Bf5
11. Qb3 Qe7 12. e3 Re8 13. Be2 Nxf2 14. O-O Ng4 15. Bd2 Nd7 16. Rae1 Rab8 17. h3 Ngf6 18. Bd1 Be4 19. Kh1 Bxd5 20. Qa4 Ne4
21. Kh2 Nxd2 22. Nxd2 Qe5+ 23. Kg1 Qxb2 24. Qxd7 Qxd2 25. Re2 Qc3 26. Qxd6 Rbd8 27. Qc7 Rc8 28. Qf4 Re4 29. Qg3 Bc4 30. Rc2 Qd3
31. Rcf2 Qxe3 32. Qxe3 Rxe3 33. Bg4 Rce8 34. Rc1 Re1+ 35. Rxe1 Rxe1+ 36. Kh2 Be6 37. Bf3 b6 38. Bc6 g6 39. Rd2 Kg7 40. a4 Re5
0-1

[Event "Open Tournament For Intermediates #2"]
[Site "SchemingMind.com"]
[Date "2007.06.20"]
[Round "-"]
[White "Archon"]
[Black "nic_car"]
[Result "0-1"]
[WhiteCountry "CAN"]
[BlackCountry "ITA"]
[WhiteElo "1711"]
[WhiteRD "52"]
[BlackElo "2027"]
[BlackRD "113"]
[GameID "110063"]

1. d4 Nf6 2. Nf3 g6 3. Bf4 Bg7 4. e3 O-O 5. h3 d6 6. Be2 Nbd7 7. O-O Qe8 8. Bh2 e5 9. c4 Ne4 10. Nc3 Nxc3
11. bxc3 f5 12. Qd2 b6 13. a4 a5 14. Rad1 e4 15. Ne1 Nf6 16. Nc2 Be6 17. Na3 Qf7 18. f3 Rfe8 19. c5 bxc5 20. dxc5 dxc5
21. Rb1 Rad8 22. Qc2 Nd5 23. fxe4 Nxe3 24. Qc1 Nxf1 25. Bxf1 c6 26. exf5 Bxf5 27. Kh1 Bd3 28. Bxd3 Rxd3 29. c4 Rxh3 30. Rb7 Rxh2+
0-1

[Event "Open Tournament For Intermediates #2"]
[Site "SchemingMind.com"]
[Date "2007.06.21"]
[Round "-"]
[White "Orhany24"]
[Black "loco61"]
[Result "1/2-1/2"]
[WhiteCountry "TUR"]
[BlackCountry "ENG"]
[WhiteElo "1766"]
[WhiteRD "69"]
[BlackElo "1513"]
[BlackRD "62"]
[GameID "110093"]

1. e4 e5 2. Nf3 Nc6 3. Bc4 Nf6 4. O-O Bc5 5. c3 d6 6. h3 Nxe4 7. d4 Bb6 8. dxe5 Nxe5 9. Nxe5 dxe5 10. Qxd8+ Kxd8
11. Nd2 Bxf2+ 12. Rxf2 Nxf2 13. Kxf2 f5 14. Nf3 e4 15. Bg5+ Ke8 16. Ne5 h6 17. Be3 b6 18. Rd1 g5 19. Bd5 Rb8 20. Nc6 Rb7
21. Bd4 Rh7 22. Ne5 Rb8 23. Nc6 Ra8 24. Ne5 Rb8 25. Nc6 Rb7 26. Ne5 Rb8 27. Nc6 Rb7 28. Ne5
1/2-1/2

[Event "Open Tournament For Intermediates #2"]
[Site "SchemingMind.com"]
[Date "2007.06.21"]
[Round "-"]
[White "Orhany24"]
[Black "fouche"]
[Result "0-1"]
[WhiteCountry "TUR"]
[BlackCountry "COL"]
[WhiteElo "1766"]
[WhiteRD "69"]
[BlackElo "1569"]
[BlackRD "66"]
[GameID "110094"]

1. e4 c5 2. Nf3 Nc6 3. d4 cxd4 4. Nxd4 e5 5. Nxc6 bxc6 6. c4 d5 7. exd5 cxd5 8. Qxd5 Qxd5 9. cxd5 Nf6 10. Bb5+ Bd7
11. Bxd7+ Kxd7 12. O-O Bb4 13. a3 Ba5 14. b4 Bb6 15. Be3 Rhc8 16. a4 Kd6 17. Rd1 Nxd5 18. Na3 Ke6 19. Bd2 Rc7 20. Nb5 Rc2
21. a5 Bd4 22. Nxd4+ exd4 23. Be1 Ke5 24. b5 Rac8 25. g3 Rb2 26. Rdb1 Rcc2 27. Rxb2 Rxb2 28. b6 a6 29. Rc1 f5 30. Rc8 Rb1
31. Kf1 g5 32. Ra8 Nb4 33. Ke2 Rb2+ 34. Kf3 Nd3 35. Re8+ Kd5 36. Kg2 Kc4 37. Rc8+ Nc5 38. Kf1 d3
0-1

[Event "Open Tournament For Intermediates #2"]
[Site "SchemingMind.com"]
[Date "2007.06.20"]
[Round "-"]
[White "Orhany24"]
[Black "Archon"]
[Result "1-0"]
[WhiteCountry "TUR"]
[BlackCountry "CAN"]
[WhiteElo "1766"]
[WhiteRD "69"]
[BlackElo "1711"]
[BlackRD "52"]
[GameID "110095"]

1. e4 d6 2. d4 Nf6 3. Bd3 e5 4. c3 Nc6 5. Ne2 Be7 6. O-O O-O 7. h3 Re8 8. f4 Bf8 9. d5 Nb8 10. f5 c6
11. c4 cxd5 12. cxd5 a5 13. Nbc3 Nbd7 14. Bb5 Nxe4 15. Be3 Nxc3 16. Nxc3 b6 17. Ne4 Ba6 18. a4 Bxb5 19. axb5 Nf6 20. Bg5 Be7
21. Nxf6+ Bxf6 22. Be3 Qb8 23. Rc1 Ra7 24. Rc6 Rc8 25. Qc2 Rxc6 26. Qxc6 Rb7 27. Rc1 Be7 28. g4 g6 29. Bh6 f6 30. Kf2 Kf7
31. Ke3 Bd8 32. Qc3 Rc7 33. Qd2 Rxc1 34. Qxc1 Qc7 35. Qc6 Qxc6 36. bxc6 Bc7 37. Ke4 Ke7 38. Be3 b5 39. Bd2 Kf7 40. b3 Kg7
41. Bc3 Kf7 42. Bd2 Ke7 43. Kd3 Kd8 44. Bh6 Kc8 45. Bg7 Bd8 46. Bf8 Kc7 47. Kc3
1-0

[Event "Open Tournament For Intermediates #2"]
[Site "SchemingMind.com"]
[Date "2007.06.20"]
[Round "-"]
[White "Orhany24"]
[Black "nic_car"]
[Result "0-1"]
[WhiteCountry "TUR"]
[BlackCountry "ITA"]
[WhiteElo "1784"]
[WhiteRD "71"]
[BlackElo "1928"]
[BlackRD "140"]
[GameID "110096"]

1. e4 c5 2. Nf3 d6 3. d4 cxd4 4. Nxd4 Nf6 5. Bd3 a6 6. c4 g6 7. Nc3 Bg7 8. h3 Nc6 9. Nxc6 bxc6 10. O-O O-O
11. Be3 c5 12. f4 Rb8 13. Qc2 Nd7 14. g4 e6 15. Rad1 Qh4 16. Kg2 Bb7 17. b3 f5 18. Bf2 Qf6 19. g5 Qxc3 20. Kh2 fxe4
21. Bxe4 Rxf4 22. Bxb7 Qxc2
0-1

[Event "Open Tournament For Intermediates #2"]
[Site "SchemingMind.com"]
[Date "2007.06.20"]
[Round "-"]
[White "loco61"]
[Black "Orhany24"]
[Result "0-1"]
[WhiteCountry "ENG"]
[BlackCountry "TUR"]
[WhiteElo "1513"]
[WhiteRD "62"]
[BlackElo "1766"]
[BlackRD "69"]
[GameID "110097"]

1. e4 c5 2. Nf3 Nc6 3. Bc4 e6 4. O-O d6 5. c3 a6 6. d4 b5 7. Be2 Nf6 8. Bg5 Be7 9. e5 dxe5 10. dxe5 Nd5
11. Bxe7 Qxe7 12. Nbd2 O-O 13. Rc1 Nf4 14. g3 Nxe2+ 15. Qxe2 Bb7 16. Ne4 Rac8 17. Rfd1 Rfd8 18. Rd2 Rxd2 19. Qxd2 Nxe5 20. Nxe5 Bxe4
21. f3 Rd8 22. Qf4 Bb7 23. Kf2 f6 24. Ng4 Qd6 25. Qxd6 Rxd6 26. Rc2 Kf7 27. f4 h5 28. Ne3 Be4 29. Re2 Bb1 30. a3 Be4
31. c4 Ke7 32. b3 Rd3 33. Rb2 f5 34. cxb5 axb5 35. h3 g6 36. Ke2 Rc3 37. h4 Kf6 38. Kd2 Rd3+ 39. Ke2 c4 40. bxc4 bxc4
41. Nxc4 Rxg3 42. Rb6 Rg2+ 43. Ke3 Rg3+ 44. Kd2 Bd5 45. Ne3 Be4 46. a4 Rg1 47. a5 Ra1 48. Nc4 Bd5 49. Kc3 Bxc4 50. Kxc4 Rxa5
51. Kd3 Ra3+
0-1

[Event "Open Tournament For Intermediates #2"]
[Site "SchemingMind.com"]
[Date "2007.06.20"]
[Round "-"]
[White "fouche"]
[Black "Orhany24"]
[Result "1/2-1/2"]
[WhiteCountry "COL"]
[BlackCountry "TUR"]
[WhiteElo "1569"]
[WhiteRD "66"]
[BlackElo "1766"]
[BlackRD "69"]
[GameID "110098"]

1. d4 d5 2. c4 e6 3. Nc3 h6 4. Nf3 Nf6 5. e3 c5 6. cxd5 exd5 7. Bd3 c4 8. Bb1 Be7 9. O-O O-O 10. Re1= Nc6
11. a3 a6 12. e4 dxe4 13. Nxe4 Bg4 14. Be3 Bxf3 15. Qxf3 Nxd4 16. Bxd4 Qxd4 17. Qc3 Qxc3 18. Nxc3 Bc5 19. Bf5 Rfe8 20. Kf1 g6
21. Bh3 Rad8 22. Rxe8+ Rxe8 23. Rd1 b5 24. g3 Kg7 25. Bg2 Re6 26. Rd8 Rd6 27. Rxd6 Bxd6 28. Bb7 b4 29. axb4 Bxb4 30. Bxa6 Bxc3
31. bxc3 Nd5 32. Bxc4=
1/2-1/2

[Event "Open Tournament For Intermediates #2"]
[Site "SchemingMind.com"]
[Date "2007.06.20"]
[Round "-"]
[White "Archon"]
[Black "Orhany24"]
[Result "0-1"]
[WhiteCountry "CAN"]
[BlackCountry "TUR"]
[WhiteElo "1711"]
[WhiteRD "52"]
[BlackElo "1766"]
[BlackRD "69"]
[GameID "110099"]

1. d4 d5 2. Nf3 e6 3. Bf4 h6 4. h3 Nf6 5. e3 c5 6. c3 a6 7. Nbd2 c4 8. b4 Nc6 9. Be2 Bd6 10. Ne5 O-O
11. Ndf3 Ne4 12. O-O Kh7 13. Qc2 f5 14. Nxc6 bxc6 15. Ne5 Bxe5 16. Bxe5 Bd7 17. Bf3 Ng5 18. Bh5 g6 19. Bd1 Nf7 20. Qe2 Nxe5
21. dxe5 Qc7 22. f4 Qb6 23. Bc2 Kg7 24. Kh2 a5 25. a3 axb4 26. axb4 Ra7 27. g4 Rfa8 28. Rxa7 Qxa7 29. gxf5 exf5 30. Rg1 Kf7
31. Qg2 Rg8 32. h4 Qxe3 33. Qg3 Qxg3+ 34. Kxg3 Ra8 35. Kh2 Ra2 36. Rg2 Be6 37. Bd1 Ra1 38. Bc2 Rf1 39. Kg3 g5 40. hxg5 hxg5
41. fxg5 f4+ 42. Kh4 Rh1+
0-1

[Event "Open Tournament For Intermediates #2"]
[Site "SchemingMind.com"]
[Date "2007.06.20"]
[Round "-"]
[White "nic_car"]
[Black "Orhany24"]
[Result "1-0"]
[WhiteCountry "ITA"]
[BlackCountry "TUR"]
[WhiteElo "2027"]
[WhiteRD "113"]
[BlackElo "1766"]
[BlackRD "69"]
[GameID "110100"]

1. d4 d5 2. c4 e6 3. Nc3 h6 4. e4 dxe4 5. Nxe4 Nf6 6. Bd3 Be7 7. Nf3 O-O 8. O-O Nxe4 9. Bxe4 c5 10. Be3 cxd4
11. Nxd4 Bf6 12. Qg4 Bxd4 13. Bxd4 Qg5 14. Qe2 Nc6 15. Bc3 e5 16. Bxc6 bxc6 17. Qxe5 Qxe5 18. Bxe5 Re8 19. Bc3 Bf5 20. Rfe1 Bd3
21. b3 Rad8 22. Ba5 Rc8 23. h3 Bf5 24. Rad1 a6 25. Bc3 Rxe1+ 26. Rxe1 Be6 27. f4 Rd8 28. Kf2 Rd3 29. Re3 Rd1 30. Ke2 Rg1
31. Kf3 Rd1 32. Ke4 Rg1 33. Re2 Rd1 34. Rd2 Rg1 35. Kd4 f6 36. Kc5 Bd7 37. Kb6 Kf7 38. Kxa6
1-0

[Event "Open Tournament For Intermediates #2"]
[Site "SchemingMind.com"]
[Date "2007.06.21"]
[Round "-"]
[White "MrPerry"]
[Black "loco61"]
[Result "1-0"]
[WhiteCountry "USA"]
[BlackCountry "ENG"]
[WhiteElo "1820"]
[WhiteRD "73"]
[BlackElo "1513"]
[BlackRD "62"]
[GameID "110214"]

1. e4 e5 2. Bc4 Nf6 3. d4 Bd6 4. dxe5 Bxe5 5. f4 Nxe4 6. Qh5 Qf6 7. Qxe5+ Qxe5 8. fxe5 O-O 9. Nf3 d6 10. O-O Bf5
11. exd6 Nxd6 12. Bb3 Nc6 13. Bf4 Rfe8 14. Nc3 Kf8 15. Bxd6+ cxd6 16. Nd5 Rac8 17. c3 f6 18. Ba4 a6 19. Nb6 Rcd8 20. Rfe1 Re4
21. Rxe4 Bxe4 22. Bxc6 bxc6 23. Re1 f5 24. Nd4 Kf7 25. Nc4 c5 26. Nf3 h6 27. Kf2 Kf6 28. Nfd2 d5 29. Na5 g5 30. b3 g4
31. Nb7 Rc8 32. Nd6 h5 33. Nxc8
1-0

[Event "Open Tournament For Intermediates #2"]
[Site "SchemingMind.com"]
[Date "2007.06.21"]
[Round "-"]
[White "MrPerry"]
[Black "Orhany24"]
[Result "1-0"]
[WhiteCountry "USA"]
[BlackCountry "TUR"]
[WhiteElo "1820"]
[WhiteRD "73"]
[BlackElo "1766"]
[BlackRD "69"]
[GameID "110215"]

1. e4 c5 2. f4 Nc6 3. Nf3 d6 4. Nc3 a6 5. d4 cxd4 6. Nxd4 Nxd4 7. Qxd4 Nf6 8. h3 e6 9. Bd2 Be7 10. O-O-O Bd7
11. Qe3 O-O 12. g4 b5 13. Bg2 Rc8 14. g5 Nh5 15. Bf3 g6 16. Bxh5 gxh5 17. Qf3 b4 18. Ne2 Qc7 19. c3 Qa5 20. Kb1 d5
21. exd5 exd5 22. f5 b3 23. axb3 Qb5 24. Nd4 Qb6 25. Rhg1 Rb8 26. g6 fxg6 27. Qxd5+ Kh8 28. Qxd7
1-0

[Event "Open Tournament For Intermediates #2"]
[Site "SchemingMind.com"]
[Date "2007.06.21"]
[Round "-"]
[White "MrPerry"]
[Black "fouche"]
[Result "1-0"]
[WhiteCountry "USA"]
[BlackCountry "COL"]
[WhiteElo "1812"]
[WhiteRD "79"]
[BlackElo "1617"]
[BlackRD "70"]
[GameID "110216"]

1. e4 c5 2. f4 Nc6 3. Nf3 e6 4. Bb5 Be7 5. O-O a6 6. Be2 d5 7. e5 f5 8. c3 Nh6 9. Na3 O-O 10. Nc2 Nf7
11. d4 b5 12. dxc5 Bxc5+ 13. Be3 Qb6 14. Bxc5 Qxc5+ 15. Kh1 Bb7 16. Nfd4 Rad8 17. Nxe6 Qb6 18. Nxf8 Kxf8 19. Nd4 b4 20. Ne6+
1-0

[Event "Open Tournament For Intermediates #2"]
[Site "SchemingMind.com"]
[Date "2007.06.20"]
[Round "-"]
[White "MrPerry"]
[Black "Archon"]
[Result "0-1"]
[WhiteCountry "USA"]
[BlackCountry "CAN"]
[WhiteElo "1820"]
[WhiteRD "73"]
[BlackElo "1711"]
[BlackRD "52"]
[GameID "110217"]

1. e4 d6 2. d4 Nf6 3. Nc3 g6 4. f4 Bg7 5. Nf3 c5 6. Bb5+ Bd7 7. e5 Ng4 8. Bxd7+ Qxd7 9. d5 dxe5 10. h3 e4
11. Nxe4 Nf6 12. Nxf6+ Bxf6 13. O-O O-O 14. Be3 Bxb2 15. Rb1 Bg7 16. Bxc5 Rd8 17. Ne5 Qc7 18. Ba3 Nc6 19. Rxb7 Qxb7 20. Nxc6 Rd7
21. f5 Bf6 22. Qf3 Rf8 23. c4 Rc7 24. Qe4 Kg7 25. Rb1 Qa6 26. Bxe7 Rxe7 27. Nxe7 Re8 28. Qc2 Rxe7 29. c5 Bd4+ 30. Kh1 Qc8
31. d6 Rd7 32. Qd3 Qxc5 33. Rd1 Qxd6 34. Qf3 Qe7 35. fxg6 hxg6 36. Qg4 f5 37. Qf4 Bf6
0-1

[Event "Open Tournament For Intermediates #2"]
[Site "SchemingMind.com"]
[Date "2007.06.20"]
[Round "-"]
[White "MrPerry"]
[Black "nic_car"]
[Result "0-1"]
[WhiteCountry "USA"]
[BlackCountry "ITA"]
[WhiteElo "1820"]
[WhiteRD "73"]
[BlackElo "2027"]
[BlackRD "113"]
[GameID "110218"]

1. e4 c5 2. f4 d5 3. exd5 Nf6 4. Bb5+ Bd7 5. Bxd7+ Qxd7 6. c4 e6 7. Qe2 Bd6 8. d3 O-O 9. dxe6 fxe6 10. Nf3 Nc6
11. O-O Rae8 12. Nc3 e5 13. f5 Nd4 14. Qd1 Nxf5 15. Ne4 Ng4 16. Nxd6 Qxd6
0-1

[Event "Open Tournament For Intermediates #2"]
[Site "SchemingMind.com"]
[Date "2007.06.21"]
[Round "-"]
[White "loco61"]
[Black "MrPerry"]
[Result "0-1"]
[WhiteCountry "ENG"]
[BlackCountry "USA"]
[WhiteElo "1513"]
[WhiteRD "62"]
[BlackElo "1820"]
[BlackRD "73"]
[GameID "110219"]

1. e4 c5 2. Nf3 d6 3. Bc4 Nf6 4. Nc3 e6 5. O-O Be7 6. d4 cxd4 7. Nxd4 a6 8. b4 Qc7 9. Qe2 Bd7 10. a4 O-O
11. Bb2 Nc6 12. Nxc6 Bxc6 13. b5 axb5 14. axb5 Bd7 15. f3 Rac8 16. Rfd1 Qxc4 17. Qxc4 Rxc4 18. Ra7 Bc8 19. Rc1 Bd8 20. Rd1 Bb6+
0-1

[Event "Open Tournament For Intermediates #2"]
[Site "SchemingMind.com"]
[Date "2007.06.21"]
[Round "-"]
[White "Orhany24"]
[Black "MrPerry"]
[Result "1/2-1/2"]
[WhiteCountry "TUR"]
[BlackCountry "USA"]
[WhiteElo "1766"]
[WhiteRD "69"]
[BlackElo "1820"]
[BlackRD "73"]
[GameID "110220"]

1. e4 c5 2. Nf3 d6 3. d4 cxd4 4. Nxd4 Nf6 5. Bd3 Nc6 6. Nxc6 bxc6 7. O-O e5 8. c4 Be7 9. h3 O-O 10. Nc3 Be6
11. Be3 Qc7 12. Qc2 Rfd8 13. Rad1 Qb7= 14. b3 h6 15. f4 exf4 16. Bxf4 Nh5 17. Bh2 Bh4 18. Ne2 Qb6+ 19. Kh1 d5 20. exd5 cxd5
21. cxd5 Bxd5 22. Be4 Bxe4=
1/2-1/2

[Event "Open Tournament For Intermediates #2"]
[Site "SchemingMind.com"]
[Date "2007.06.22"]
[Round "-"]
[White "fouche"]
[Black "MrPerry"]
[Result "0-1"]
[WhiteCountry "COL"]
[BlackCountry "USA"]
[WhiteElo "1569"]
[WhiteRD "66"]
[BlackElo "1820"]
[BlackRD "73"]
[GameID "110221"]

1. d4 c5 2. d5 Nf6 3. c4 e6 4. Nc3 exd5 5. cxd5 d6 6. e4 g6 7. f4 Bg7 8. Nf3 O-O 9. Bd3 Re8 10. O-O c4
11. Bc2 Nbd7 12. Re1 a6 13. a4 Rb8 14. b4 cxb3 15. Bxb3 Nc5 16. Bc2 Nfxe4 17. Nxe4 Bxa1 18. Nxc5 dxc5 19. f5 Rxe1+ 20. Qxe1 Bf6
21. Qg3 Bd7 22. fxg6 fxg6 23. Bh6 Bg7 24. Bg5 Qe8 25. h4 Rc8 26. Qd6 Bg4 27. Bb3 Bxf3 28. gxf3 Qe1+ 29. Kg2 Re8 30. Qg3 Re2+
0-1

[Event "Open Tournament For Intermediates #2"]
[Site "SchemingMind.com"]
[Date "2007.06.21"]
[Round "-"]
[White "Archon"]
[Black "MrPerry"]
[Result "0-1"]
[WhiteCountry "CAN"]
[BlackCountry "USA"]
[WhiteElo "1692"]
[WhiteRD "57"]
[BlackElo "1797"]
[BlackRD "76"]
[GameID "110222"]

1. d4 d5 2. Nf3 Nf6 3. Bf4 e6 4. e3 Bd6 5. Ne5 Bxe5 6. dxe5 Nfd7 7. Qg4 g6 8. Nd2 Nc6 9. Nf3 f5 10. Qh3 Qe7
11. Bb5 Qb4+
0-1

[Event "Open Tournament For Intermediates #2"]
[Site "SchemingMind.com"]
[Date "2007.06.20"]
[Round "-"]
[White "nic_car"]
[Black "MrPerry"]
[Result "1-0"]
[WhiteCountry "ITA"]
[BlackCountry "USA"]
[WhiteElo "2027"]
[WhiteRD "113"]
[BlackElo "1820"]
[BlackRD "73"]
[GameID "110223"]

1. d4 d5 2. c4 e6 3. Nc3 c5 4. cxd5 cxd4 5. Qa4+ Bd7 6. Qxd4 exd5 7. Qxd5 Nc6 8. Nf3 Nf6 9. Qd1 Bc5 10. e3 Qe7
11. Be2 O-O-O 12. O-O g5 13. b4 g4 14. Nd4 Bxb4 15. Qb3 Nxd4 16. exd4 Be6 17. Qb2 Nd5 18. Nxd5 Bxd5 19. Bxg4+ Kb8 20. Bf4+ Ka8
21. Bg3 Ba3= 22. Qc3 Rhg8 23. Bf3 Bxf3 24. Qxf3 Bb2 25. Rab1 Bxd4 26. Rfe1 Qd7 27. Rec1 Bb6 28. Rxb6 axb6 29. Qa3+
1-0